| 000 | 00748nam a2200253 a 4500 | ||
|---|---|---|---|
| 008 | |||
| 020 | _a0030558832 (hbk.) | ||
| 049 | _aMAIN | ||
| 090 |
_aHG4026 _bWES |
||
| 100 | 1 | _aWeston, J. Fred. | |
| 245 | 1 | 0 |
_aManagerial finance / _cJ. Fred Weston, Thomas E. Copeland.(latest editn) |
| 250 | _a9th ed. | ||
| 260 |
_aFort Worth : _bDryden Press, _cc1992. |
||
| 300 |
_axxi, 1182 p. : _bill. ; _c24 cm. |
||
| 504 | _aIncludes bibliographical references. | ||
| 500 | _aIncludes indexes. | ||
| 650 | 0 |
_aCorporations _xFinance. |
|
| 700 | 1 | _aCopeland, Thomas E. | |
| 907 |
_a.b10059192 _b09-10-12 _c17-04-03 |
||
| 003 | |||
| 005 | 20230120193558.0 | ||
| 040 | _cNUST | ||
| 942 |
_cBOOKS _kHG4026 _mWES |
||
| 999 |
_c101626 _d101626 |
||